000 01259nam a2200349 a 4500
001 30480301
003 OSt
005 20210416063822.0
008 980429n1994 xx u001 0 eng u
010 _a 94186079
020 _a0881351873
025 _a000000083138
040 _aMBCo
_cDLC
_dNLM
_dSMI
042 _alccopycat
043 _an-us---
049 _aYYEA
080 _a94
_bC-46
096 _aWZ 100 B598C 1994
100 1 _aChapman, Carleton B.
245 1 0 _aOrder out of chaos :
_bJohn Shaw Billings and America's coming of age /
_cCarleton B. Chapman.
260 _aBoston :
_bBoston Medical Library in the Francis A. Countway Library of Medicine ;
_aCanton, Mass. :
_bSole distributor, Science History Publications/USA,
_c1994.
300 _axvi, 420 p. :
_bill., ports. ;
_c24 cm.
504 _aIncludes bibliographical references (p. [345]-400) and index.
590 _ac. 1 950254 8/19/94 Watson $33.
650 2 _aNational Library of Medicine (U.S.)
_xhistory.
650 2 _aPhysicians
_vBiography.
653 _aისტორია, ბიოგრაფია
700 1 _aBillings, John Shaw,
_d1838-1913.
710 2 _aFrancis A. Countway Library of Medicine.
710 2 _aBoston Medical Library.
942 _2udc
_cBK
999 _c139
_d139